Men's Names in Other Words Quiz Stats

 Plays Quiz Updated Apr 12, 2013

Challenge
Share
Tweet
Embed
Score 0/30 Timer 04:00
0 Plays Today
Male Name Full Word % Correct
NICK _ _Nickel
97.9%
MATT _ _ _ _Mattress
93.4%
BOB _ _ _ _Bobsled
93.3%
_ _ _ _ JOHN_Long johns
91.4%
_ _ ANDYBrandy
89.5%
_ _ _ RON _ _ _Astronaut
89%
SAM _ _ _ _Samurai
87.4%
_ _ _ _ _ KENUnspoken
87.1%
_ _ CHUCKUpchuck
86.6%
_ _ _ RICHOstrich
84.6%
_ _ _ RAYHurray
84.4%
_ _ _ PETE _Competed
84.2%
ROB _ _ _ _Robbery
84.1%
_ _ _ DONPardon
83.9%
FRANK _ _ _ _ _ _Frankfurter
82%
Male Name Full Word % Correct
_ _ TIM _ _ _Estimate
81.8%
ADAM _ _ _Adamant
80.5%
_ _ NORM _ _Abnormal
80.3%
_ _ _ _ TONYGluttony
79.8%
_ _ _ _ ALDorsal
77.4%
_ _ _ GREG _ _ _Congregate
69.3%
_ LOU _Cloud
66.1%
_ _ _ _ _ ROYCorduroy
63.8%
_ _ _ _ MARKPockmark
61.2%
_ _ EARL _Clearly
58.4%
WILL _ _ _Willowy
54.3%
_ _ _ ERIC _ _Spherical
52.2%
_ _ _ _ PAT _ _ _Occupation
48.7%
_ _ _ ART _ _ _Aspartame
35.2%
_ _ _ _ _ _ _ _ _ EDAbbreviated (or Constricted)
24.3%

You're not logged in!

Compare scores with friends on all Sporcle quizzes.
Join for Free
OR
Log In

You Might Also Like...

Show Comments

Extras

Top Quizzes Today


Score Distribution

Your Account Isn't Verified!

In order to create a playlist on Sporcle, you need to verify the email address you used during registration. Go to your Sporcle Settings to finish the process.

Report this User

Report this user for behavior that violates our Community Guidelines.

Details: